[Event "Valladolid Piolin op"]
[Site "Valladolid"]
[Date "2013.05.05"]
[Round "9"]
[White "Torralbo Asagra, Jaime Andres"]
[Black "Sebastian Cantarino, Adrian"]
[Result "1-0"]
[WhiteElo "1735"]
[BlackElo "1857"]
[PlyCount "81"]
[EventDate "2013.03.10"]
[EventType "swiss"]
[EventRounds "11"]
[EventCountry "ESP"]
[SourceTitle "EXT 2014"]
[Source "ChessBase"]
[SourceDate "2013.11.20"]
[SourceVersion "1"]
[SourceVersionDate "2013.11.20"]
[SourceQuality "1"]

1. e4 e5 2. Nf3 Nc6 3. Bc4 Bc5 4. Nc3 Nf6 5. d3 d6 6. h3 Na5 7. Bb3 Nxb3 8. axb3 c6 9. Bg5 0-0 10. Qd2 Bb6 11. Nh2 Be6 12. f4 exf4 13. Qxf4 h6 14. Bxf6 Qxf6 15. Qxf6 gxf6 16. Rf1 Kg7 17. Rf4 Bc7 18. Ng4 d5 19. Rf3 Bxg4 20. hxg4 dxe4 21. Nxe4 Rfe8 22. 0-0-0 Re6 23. Nc5 Re5 24. Nd7 Re2 25. Nxf6 Rxg2 26. Rdf1 Be5 27. Nh5+ Kg6 28. Nf4+ Bxf4+ 29. Rxf4 Rf8 30. R1f2 Rxf2 31. Rxf2 Kg5 32. Rg2 Re8 33. Kd2 Re6 34. c4 Rf6 35. Ke3 c5 36. b4 b6 37. bxc5 bxc5 38. d4 Rf4 39. d5 Rxc4 40. Rd2 Kf6 41. d6 1-0

[Event "Valladolid Piolin op"]
[Site "Valladolid"]
[Date "2013.04.21"]
[Round "7"]
[White "Torralbo Asagra, Jaime Andres"]
[Black "Soria Alonso, Jorge"]
[Result "1/2-1/2"]
[WhiteElo "1735"]
[BlackElo "1686"]
[PlyCount "151"]
[EventDate "2013.03.10"]
[EventType "swiss"]
[EventRounds "11"]
[EventCountry "ESP"]
[SourceTitle "EXT 2014"]
[Source "ChessBase"]
[SourceDate "2013.11.20"]
[SourceVersion "1"]
[SourceVersionDate "2013.11.20"]
[SourceQuality "1"]

1. e4 e5 2. Nf3 d6 3. Bc4 Be6 4. Bxe6 fxe6 5. d3 h6 6. Be3 c5 7. Nbd2 Nc6 8. c3 Nf6 9. Qb3 Qc7 10. h3 Na5 11. Qc2 b6 12. Rc1 Nc6 13. a4 Be7 14. Nc4 Rb8 15. Nh4 0-0 16. Ng6 Rf7 17. Nxe7+ Qxe7 18. 0-0 d5 19. Na3 a6 20. f3 b5 21. axb5 axb5 22. Qd2 Nd7 23. b4 d4 24. Bf2 cxb4 25. cxb4 Qxb4 26. Qa2 Nd8 27. Be1 Qa4 28. Qb2 Nf8 29. Bb4 Qa6 30. Ra1 Qb6 31. Rfc1 Nd7 32. Rc2 Nc6 33. Bd6 Rb7 34. Rac1 Na7 35. Qb4 Nb8 36. Rb2 Nbc6 37. Qb3 Na5 38. Qxe6 Rbd7 39. Qe8+ Kh7 40. Bc5 Qc6 41. Qxe5 Qg6 42. Kh2 N7c6 43. Qg3 Qxg3+ 44. Kxg3 Ne5 45. Rxb5 Nxd3 46. Rd1 Nxc5 47. Rxc5 Nb7 48. Rd5 Rxd5 49. exd5 Nd6 50. Nc2 Nf5+ 51. Kf2 Rd7 52. g4 Ne7 53. Rxd4 Rxd5 54. Ke3 Re5+ 55. Re4 Rc5 56. Nd4 Nd5+ 57. Kd2 Ra5 58. h4 Ra2+ 59. Kd3 Ra3+ 60. Kc4 Ne3+ 61. Kc5 Rc3+ 62. Kd6 Rd3 63. Ke5 Ng2 64. h5 g6 65. hxg6+ Kxg6 66. f4 Re3 67. f5+ Kg7 68. Kd5 Rd3 69. Re7+ Kf6 70. Re6+ Kg7 71. Kc4 Rg3 72. Rg6+ Kh7 73. Ne2 Rxg4+ 74. Rxg4 Ne3+ 75. Kd4 Nxg4 76. Ng3 1/2-1/2

[Event "Valladolid Piolin CC op 5th"]
[Site "Valladolid"]
[Date "2012.08.27"]
[Round "7"]
[White "Torralbo Asagra, Jaime Andres"]
[Black "Sanchez Moreno, Mario"]
[Result "1-0"]
[WhiteElo "1734"]
[BlackElo "1568"]
[PlyCount "55"]
[EventDate "2012.08.06"]
[EventType "swiss"]
[EventRounds "8"]
[EventCountry "ESP"]
[SourceTitle "EXT 2014"]
[Source "ChessBase"]
[SourceDate "2013.11.20"]
[SourceVersion "1"]
[SourceVersionDate "2013.11.20"]
[SourceQuality "1"]

1. e4 e5 2. Nf3 Nc6 3. d4 exd4 4. Nxd4 Bc5 5. Be3 Qf6 6. c3 Nge7 7. Be2 Nxd4 8. cxd4 Bb4+ 9. Nc3 0-0 10. 0-0 d6 11. Nb5 Ba5 12. Rc1 c6 13. Qa4 Bb6 14. Nc3 Ng6 15. f4 Bd7 16. Qd1 Rfe8 17. Qd2 Qe7 18. f5 Nf8 19. Rf3 f6 20. Rcf1 Bc7 21. Bf4 Ba5 22. Bd3 Bb6 23. Be3 Bc7 24. h4 Qf7 25. g4 d5 26. Bf4 Bb6 27. Bc2 dxe4 28. Bb3 1-0

[Event "Valladolid Piolin CC op 5th"]
[Site "Valladolid"]
[Date "2012.08.13"]
[Round "3"]
[White "Villamanan Alonso, Carlos"]
[Black "Torralbo Asagra, Jaime Andres"]
[Result "1-0"]
[WhiteElo "1809"]
[BlackElo "1734"]
[PlyCount "109"]
[EventDate "2012.08.06"]
[EventType "swiss"]
[EventRounds "8"]
[EventCountry "ESP"]
[SourceTitle "EXT 2014"]
[Source "ChessBase"]
[SourceDate "2013.11.20"]
[SourceVersion "1"]
[SourceVersionDate "2013.11.20"]
[SourceQuality "1"]

1. e4 d5 2. exd5 Qxd5 3. Nc3 Qa5 4. d4 c6 5. Nf3 Nf6 6. Bc4 b5 7. Bb3 e6 8. 0-0 Be7 9. Re1 Nbd7 10. Bd2 Qc7 11. a4 b4 12. Ne2 0-0 13. a5 Ba6 14. Nf4 Bd6 15. Qc1 Nd5 16. Ne2 N7f6 17. Ng3 Rac8 18. c4 bxc3 19. bxc3 c5 20. dxc5 Qxc5 21. Qb2 Rb8 22. Qc2 Rfc8 23. Bxd5 Nxd5 24. Ne4 Qc7 25. Nxd6 Qxd6 26. Ng5 Nf6 27. Be3 Qc7 28. Bd4 Qe7 29. Bxf6 Qxf6 30. Qxh7+ Kf8 31. Ne4 Qh6 32. Qxh6 gxh6 33. Ra3 Ke7 34. f3 Rc6 35. g4 Rd8 36. Re3 Bc4 37. Kf2 Rd5 38. Ke1 Rb5 39. Nd2 Bd5 40. Kd1 Rd6 41. Kc2 Bb7 42. h4 Ra6 43. Nb3 Bd5 44. f4 Bxb3+ 45. Rxb3 Rxb3 46. Kxb3 Rxa5 47. Kb4 Rd5 48. Re5 Kd6 49. Rxd5+ exd5 50. h5 f5 51. gxf5 Ke7 52. Kc5 Kf6 53. Kxd5 Kxf5 54. c4 a5 55. c5 1-0

[Event "Valladolid Social Federado Piolin"]
[Site "Valladolid"]
[Date "2012.05.24"]
[Round "4.4"]
[White "Fernandez Velasquez, Julian Felix"]
[Black "Torralbo Asagra, Jaime Andres"]
[Result "1-0"]
[WhiteElo "1884"]
[BlackElo "1723"]
[PlyCount "73"]
[EventDate "2012.05.14"]
[EventType "tourn"]
[EventRounds "17"]
[EventCountry "ESP"]
[SourceTitle "EXT 2024"]
[Source "ChessBase"]
[SourceDate "2023.10.10"]
[SourceVersion "1"]
[SourceVersionDate "2023.10.10"]
[SourceQuality "1"]

1. e4 c5 2. Nc3 Nc6 3. Bb5 d6 4. f4 e6 5. d3 Nge7 6. a4 a6 7. Bc4 g6 8. Nf3 Bg7 9. 0-0 0-0 10. Ba2 Nb4 11. Bb1 Qc7 12. Qe1 e5 13. Ne2 f5 14. c3 Nbc6 15. Qh4 fxe4 16. dxe4 exf4 17. Nxf4 Ne5 18. Ng5 h6 19. Nge6 Bxe6 20. Nxe6 Rxf1+ 21. Kxf1 Qc8 22. Nxg7 Qf8+ 23. Kg1 Qxg7 24. Bxh6 Qh7 25. Ba2+ c4 26. Rf1 b5 27. Rf6 Nf7 28. Bg5 Nxg5 29. Qxg5 Rd8 30. axb5 axb5 31. Qxb5 Qh4 32. Qxc4+ d5 33. Qd4 Nf5 34. Bxd5+ Rxd5 35. Qxd5+ Kg7 36. Qf7+ Kh8 37. Qf8+ 1-0

[Event "Valladolid Social Federado Piolin"]
[Site "Valladolid"]
[Date "2012.05.17"]
[Round "2.3"]
[White "Gago Gonzalves, Jose Fernando"]
[Black "Torralbo Asagra, Jaime Andres"]
[Result "0-1"]
[WhiteElo "1664"]
[BlackElo "1723"]
[PlyCount "146"]
[EventDate "2012.05.14"]
[EventType "tourn"]
[EventRounds "17"]
[EventCountry "ESP"]
[SourceTitle "EXT 2024"]
[Source "ChessBase"]
[SourceDate "2023.10.10"]
[SourceVersion "1"]
[SourceVersionDate "2023.10.10"]
[SourceQuality "1"]

1. e4 e6 2. c4 c5 3. Nc3 Nc6 4. Be2 Nf6 5. Nf3 Be7 6. 0-0 d6 7. d3 0-0 8. Bd2 b6 9. Ne1 Bb7 10. Nc2 Re8 11. f4 a6 12. Bf3 Qc7 13. Ne2 e5 14. g4 exf4 15. Nxf4 Ne5 16. Be2 h6 17. Bc3 b5 18. b3 Qd7 19. Ne3 Bc8 20. Nf5 Kh7 21. h3 Bd8 22. Qd2 Ng8 23. Rf2 g6 24. Ng3 Bg5 25. Raf1 Rf8 26. Rh2 Bh4 27. Rg2 b4 28. Bxe5 dxe5 29. Nd5 Qd6 30. Rf3 Be6 31. Rgf2 Bxd5 32. cxd5 Ra7 33. Rf1 f6 34. Kg2 Bg5 35. Qe1 Bf4 36. h4 Ne7 37. Nh1 Rg8 38. Nf2 f5 39. g5 hxg5 40. hxg5 Bxg5 41. Nh3 Bf6 42. Qg3 f4 43. Ng5+ Kg7 44. Ne6+ Kf7 45. Qg4 Nf5 46. exf5 gxf5 47. Qxg8+ Kxg8 48. Rg1 Qxd5 49. d4 Qxe6 50. Bc4 Qxc4 51. bxc4 cxd4 52. Kf2+ Kf7 53. Rh3 Ke6 54. Rh6 e4 55. Rgg6 Rf7 56. c5 Ke5 57. c6 e3+ 58. Ke2 Ke4 59. Rxf6 f3+ 60. Kf1 Rc7 61. Rd6 f2 62. Rhe6+ Kf3 63. Re5 Rh7 64. Rxf5+ Ke4 65. Rdd5 Rh1+ 66. Kg2 Rg1+ 67. Kh2 f1Q 68. Rxf1 Rxf1 69. Rc5 Rf8 70. c7 Rc8 71. Kg2 Kd3 72. Kf1 Kd2 73. Rc4 e2+ 0-1